000 00646nam a22002417a 4500
003 UA-OsUOA
001 61241
007 ta
008 20090623b un ||||| |||| 00| 0 ukr d
090 _a336(075.8)
_bФ59
942 _cBK
040 _aUA-OsUOA
_bukr
_cUA-OsUOA
_dUA-OsUOA
245 _aФінанси
_bНавч. посібник
_cЗа ред. В.І. Оспіщева
300 _a567 с.
955 _a2
041 _aukr
080 _a336(075.8)
020 _a978-966-346-473-2
260 _aК.
_bЗнання
_c2008
246 3 1 _aКурс для фінансистів
_n
650 7 _a336 Фінанси
_2UDC
999 _c347141
_d347141